000 00635nam a2200193Ii 4500
003 JO-AjNU
008 230606s9999||||xx |||||||||||||| ||und||
040 _aJO-AjNU
_beng
_erda
_cJO-AjNU
041 _aeng
050 1 4 _aHQ525.I8 .I8713 1999
100 3 _a MahmoudAl-Istambulli ; translated by Abed - Hamid Eliwa,
_eauthor
_95316
245 0 4 _aThe bride`s boon Tuhfat Al-Arous= تحفة العروس
264 3 1 _aEgypt: Dar Al-Manarah,1999
300 _a286p
336 _atext
_btxt
_2rdacontent
337 _aunmediated
_bn
_2rdamedia
338 _avolume
_bnc
_2rdacarrier
650 4 _aMarriage - Religious aspects - Islam
_95317
999 _aE2746
_c2744
_d2744